Australia - prawda czy fałsz? - Statystyki

Ogólne statystyki
  • Ten quiz został rozwiązany 1 449 razy
  • Średni wynik to 9 z 15
Statystyki odpowiedzi
Zagadnienie Odpowiedź % Poprawnych
Australia ma wysoką gęstość zaludnienia w porównaniu z innymi państwami świata Fałsz
91%
Przeważająca część Australijczyków mieszka w obszarach zurbanizowanych Prawda
90%
Ponad 20% mieszkańców Australii urodziło się w innym kraju Prawda
89%
W Australii znajdziemy Dingo Fence o długości ponad 2 tysięcy kilometrów Prawda
80%
Mieszkańcy Australii są znani jako "kiwi" Fałsz
78%
Australia nigdy nie miała kobiety na premiera Fałsz
69%
Wombaty robią kwadratową kupę Prawda
69%
Australia była najwcześniej osiedlona przez Brytyjczyków. Fałsz
56%
Australia uczestniczyła w I wojnie światowej Prawda
54%
Jedzenie mięsa kangura w Australii jest nielegalne Fałsz
53%
Na fladze Australii jest dziewięć gwiazd Fałsz
51%
W 1981 roku Sir Reginald Clark jako pierwszy przepłynął z Australii do Nowej Zelandii Fałsz
49%
Shapes to popularna australijska marka czekolady Fałsz
40%
Australia posiada sporo dzikich wielbłądów Prawda
35%
Setki ludzi ginie corocznie w Australii od ukąszeń węży Fałsz
34%
Nie znaleziono quizów pasujących do podanych kryteriów
Rozkład punktacji
Procent ludzi z każdym wynikiem
Percentyl według liczby udzielonych odpowiedzi
Twoja historia wyników
Nie rozwiązałeś tego quizu